000 00776nam a22002297a 4500
005 20240530110922.0
008 220221s2007 ua a g b 000 0 ara d
017 _a2006/24015
020 _a9770919225
040 _aEG-CaGPL
_cEG-CaGPL
082 0 4 _221
_a811.009 /
_bع د
100 0 _aعبدالوهاب المسيرى
245 1 0 _aدراسات فى الشعر/
_cعبدالوهاب المسيرى
250 _aط.1
260 _aالقاهرة :
_bمكتبة الشروق الدولية،
_c2007
300 _a343 ص؛
_c24 سم
600 0 _aعبدالوهاب المسيرى
650 0 7 _aالادب العربى
_2qrmak
650 0 7 _aالشعر العربى
_2qrmak
_xتاريخ ونقد
942 _2ddc
_cBK
999 _c66499
_d66499